Foundations of new India (Record no. 394660)

MARC details
000 -LEADER
fixed length control field 00504 a2200193 4500
005 - DATE & TIME
control field 20260313121836.0
008 - FIXED-LENGTH DATA ELEMENTS--GENERAL INFORMATION
fixed length control field 260312b |||||||| |||| 00| 0 eng d
020 ## - ISBN
International Standard Book Number 9789383723546
Price Rs. 795.00
040 ## - CATALOGING SOURCE
Original cataloging agency VIVEKANANDA LIBRARY
082 ## - DDC NUMBER
Classification number 320.954
Book Number P194F
100 ## - MAIN ENTRY--PERSONAL NAME
Personal name Panikkar, K M
245 ## - TITLE STATEMENT
Title Foundations of new India
260 ## - PUBLICATION, DISTRIBUTION, ETC. (IMPRINT)
Name of publisher, distributor, etc LG Publishers and Distributors
Place of publication, distribution, etc Delhi
Date of publication, distribution, etc 2019
300 ## - PHYSICAL DESCRIPTION
Pages 259
650 ## - Subject
Subject Political Science
650 ## - Subject
Subject Nationalism
650 ## - Subject
Subject India Nationalism
942 ## - ADDED ENTRY ELEMENTS (KOHA)
Koha item type Books
Holdings
Withdrawn status Lost status Source of classification or shelving scheme Damaged status Not for loan Location (home branch) Sublocation or collection (holding branch) Shelving location Date acquired Koha issues (times borrowed) Koha full call number Accession No. Koha date last seen Koha item type
    Dewey Decimal Classification     VIVEKANANDA LIBRARY VIVEKANANDA LIBRARY Vivekananda Library 18/02/2026   320.954 P194F 438451 18/02/2026 Books
© Designed and Maintained by Vivekananda Library, MDU Rohtak